<?xml version="1.0" encoding="UTF-8"?><?xml-stylesheet type="text/xsl" href="static/style.xsl"?><OAI-PMH xmlns="http://www.openarchives.org/OAI/2.0/" xmlns:xsi="http://www.w3.org/2001/XMLSchema-instance" xsi:schemaLocation="http://www.openarchives.org/OAI/2.0/ http://www.openarchives.org/OAI/2.0/OAI-PMH.xsd"><responseDate>2026-06-03T23:03:28Z</responseDate><request verb="GetRecord" identifier="oai:riuma.uma.es:10630/23018" metadataPrefix="marc">https://riuma.uma.es/rest/oai/request</request><GetRecord><record><header><identifier>oai:riuma.uma.es:10630/23018</identifier><datestamp>2026-02-03T10:24:55Z</datestamp><setSpec>com_10630_1685</setSpec><setSpec>col_10630_38055</setSpec></header><metadata><record xmlns="http://www.loc.gov/MARC21/slim" xmlns:dcterms="http://purl.org/dc/terms/" xmlns:doc="http://www.lyncode.com/xoai" xmlns:xsi="http://www.w3.org/2001/XMLSchema-instance" xsi:schemaLocation="http://www.loc.gov/MARC21/slim http://www.loc.gov/standards/marcxml/schema/MARC21slim.xsd">
   <leader>00925njm 22002777a 4500</leader>
   <datafield ind2=" " ind1=" " tag="042">
      <subfield code="a">dc</subfield>
   </datafield>
   <datafield ind2=" " ind1=" " tag="720">
      <subfield code="a">Pérez Frías, Ana María</subfield>
      <subfield code="e">author</subfield>
   </datafield>
   <datafield ind2=" " ind1=" " tag="260">
      <subfield code="c">2021</subfield>
   </datafield>
   <datafield ind2=" " ind1=" " tag="520">
      <subfield code="a">La educación es una disciplina del conocimiento en pleno cambio por la íntima relación que guarda con la sociedad en la que viven las personas que pasan por un centro educativo. Los alumnos y alumnas necesitan desarrollar actitudes y capacidades que les permitan llevar a cabo una vida cotidiana más allá de la cantidad de conocimientos que sepan, es decir, actualmente, la información está asequible a todo el mundo, pero las personas deben saber filtrar, valorar y tener una actitud crítica frente a todo lo que les rodea. Esto se consigue haciendo al alumno partícipe de su propio aprendizaje y por eso, es el foco central de este trabajo.&#xd;
La metodología Flipped Classroom permite al alumnado ser autónomo y  buscar y clasificar lo que va a aprender. Esto, inmerso en el área curricular de Matemáticas,  da lugar a aprovechar las horas lectivas para manipular, aplicar, y ver los usos reales de los números en el entorno que nos rodea, no podemos olvidar que los números representan uno de los conocimientos más abstractos que deben aprender los niños y  niñas a edades tan tempranas. &#xd;
El hilo conductor de este trabajo reside en los pilares comentados anteriormente y se da una respuesta a estas exigencias educativas a través de 7 actividades dentro de esta metodología, esta forma de enseñar Matemáticas y además, atiende rigurosamente a las indicaciones recogidas por la ley educativa que regula el curriculum de Educación Primaria. &#xd;
La evaluación también está presente en esta propuesta de intervención porque, desde mi punto de vista, es uno de las claves para conseguir un verdadero aprendizaje significativo. La evaluación necesita ser vista como favorecedora del aprendizaje y no como una forma de limitar y encasillar dentro de un número los conocimientos de un alumno en un momento concreto.</subfield>
   </datafield>
   <datafield ind1="8" ind2=" " tag="024">
      <subfield code="a">https://hdl.handle.net/10630/23018</subfield>
   </datafield>
   <datafield tag="653" ind2=" " ind1=" ">
      <subfield code="a">Educación - Trabajos Fin de Grado</subfield>
   </datafield>
   <datafield tag="653" ind2=" " ind1=" ">
      <subfield code="a">Educación primaria - Trabajos Fin de Grado</subfield>
   </datafield>
   <datafield tag="653" ind2=" " ind1=" ">
      <subfield code="a">Matemáticas - Estudio y enseñanza</subfield>
   </datafield>
   <datafield tag="653" ind2=" " ind1=" ">
      <subfield code="a">Evaluación</subfield>
   </datafield>
   <datafield ind2="0" ind1="0" tag="245">
      <subfield code="a">Enseñanza manipulativa de las matemáticas: hacia una mejora educativa</subfield>
   </datafield>
</record>
</metadata></record></GetRecord></OAI-PMH>